The Budget Statement And Economic Policy Of The Government Of Ghana For The 2013 Financial Year (Record no. 737)
[ view plain ]
| 000 -LEADER | |
|---|---|
| fixed length control field | 00518nam a2200157Ia 4500 |
| 008 - FIXED-LENGTH DATA ELEMENTS--GENERAL INFORMATION | |
| fixed length control field | 240428s9999||||xx |||||||||||||| ||und|| |
| 041 ## - LANGUAGE CODE | |
| Language code of text/sound track or separate title | eng |
| 082 ## - DEWEY DECIMAL CLASSIFICATION NUMBER | |
| Classification number | 351.722/13/MOF |
| 100 ## - MAIN ENTRY--PERSONAL NAME | |
| Personal name | Ministry of Finance - Terkper Seth E. (Minister) |
| 245 #4 - TITLE STATEMENT | |
| Title | The Budget Statement And Economic Policy Of The Government Of Ghana For The 2013 Financial Year |
| 260 ## - PUBLICATION, DISTRIBUTION, ETC. | |
| Name of publisher, distributor, etc. | Ministry of Finance |
| Place of publication, distribution, etc. | [Accra] : |
| Date of publication, distribution, etc. | 2013 |
| 300 ## - PHYSICAL DESCRIPTION | |
| Extent | xiii,332p.diag,tabs |
| 650 ## - SUBJECT ADDED ENTRY--TOPICAL TERM | |
| Topical term or geographic name entry element | Budget Statement And Economic Policy 2013 |
| 942 ## - ADDED ENTRY ELEMENTS (KOHA) | |
| Koha item type | Business Statements |
| Withdrawn status | Lost status | Damaged status | Not for loan | Home library | Current library | Shelving location | Date acquired | Total checkouts | Full call number | Date last seen | Copy number | Price effective from | Koha item type |
|---|---|---|---|---|---|---|---|---|---|---|---|---|---|
| Main Library | Main Library | Reference | 17/02/2022 | 351.722/13/1516C1 - 351.722/13/1517C2 - 351.722/13/1518C3 - 351.722/13/1519C4 | 29/04/2024 | 1 | 29/04/2024 | Business Statements |